000 02119nam0a2200457 4500
001 RU\NLR\bibl\1894332
005 20260406020917.0
010 _a978-5-397-02966-7
021 _aRU
_b2012-22979
_91718
035 _a(nilc)RSL-KNO-005416937
035 _a(NLR Aleph) 001884005
090 _a2829527
_c2829527
100 _a20120409e20121909|||y0rusy50 ca
101 1 _arus
_cpol
102 _aRU
105 _ay |||||||||
200 1 _aСоциализм и справедливость
_eSocializm i sprawiedliwość
_fЛ. Бельмонт
_gпер. с пол. Р. Р. Бодуэн де Куртенэ
_gпод ред. и с предисл. В. В. Битнера
_zpol
205 _aИзд. 2-е
_b[репр.]
210 _aМосква
_cURSS
_cЛИБРОКОМ
_d2012
215 _a[2], 96, [1] с.
_cил.
_d22
225 1 _aРазмышляя о марксизме
300 _aАвт. также на пол. яз.: Leo Belmont
300 _aНа 4-й с. обл. авт.: Лео Бельмонт (настоящее имя Леопольд Блюменталь)
300 _aНа тит. л. ориг. изд.: С.-Петербург: Вестник знания, 1909
320 _aДр. работы авт. на 4-й с. обл. авт.
455 0 _12001#$aСоциализм и справедливость
_1210##$aС.-Петербург$cВестник знания$d1909
_tСоциализм и справедливость
517 0 _6z22790
_aSocializm i sprawiedliwość
_zpol
606 1 _aСоциализм
_91189997
_3RU\NLR\AUTH\66480143
686 _aС3(4П)6-8Бельмонт Л.,0
_2rubbk
686 _aЮ3(0)6-609,0
_2rubbk
686 1 _aА7,0
700 1 _4070
_8rus
_7ca
_aБельмонт
_bЛ.
_f1865-1941
_gЛео
_3RU\NLR\auth\77122402
_9105327
790 1 _4070
_8pol
_7ba
_aBelmont
_bL.
_f1865-1941
_gLeo
_3RU\NLR\auth\77122407
_9105332
801 0 _aRU
_bRuMoRKP
_c20120409
_grcr
801 1 _aRU
_bРГБ
_c20120409
801 2 _aRU
_bNLR
_c20120417
_grcr
830 _aавт. по кн.
942 _cBOOK
980 _aNB